Villes de France de plus de 10 000 habitants sur une carte - Statistiques

Statistiques générales
  • Ce quiz a été pris 10 818 fois
  • Le résultat moyen est 134 sur 1027
Réponses sur la Carte
Les réponses sont colorées sur une échelle allant du rouge au vert en fonction du pourcentage des utilisateurs qui les ont devinées à leur premier essai. Vous pouvez retrouver ces pourcentages ci-dessous.
 
Statistiques - réponses
Population Ville % Correct
2133111 Paris
90%
873076 Marseille
84%
236710 Lille
81%
522250 Lyon
80%
15849 Toul
79%
261804 Bordeaux
77%
348085 Nice
77%
291313 Strasbourg
77%
323204 Nantes
76%
504078 Toulouse
76%
225081 Rennes
75%
139619 Brest
73%
302454 Montpellier
71%
113942 | 154765 Saint-Denis
65%
73822 Ajaccio
63%
159346 Dijon
63%
166058 Le Havre
63%
137658 Tours
63%
108200 Caen
62%
157477 Grenoble
61%
172718 Saint-Étienne
61%
28508 Saint-Étienne-du-Rouvray
61%
180452 Toulon
61%
119656 Perpignan
60%
179380 Reims
60%
10475 Clermont
59%
147324 Clermont-Ferrand
59%
157175 Angers
58%
86788 Dunkerque
58%
54952 La Roche-sur-Yon
58%
120874 Metz
58%
114083 Rouen
58%
48768 Bastia
57%
116617 Orléans
57%
104260 Nancy
56%
133625 Amiens
54%
145004 Le Mans
54%
148104 Nîmes
54%
73255 Cannes
53%
77066 Pau
53%
83587 Versailles
53%
131715 Annecy
52%
78535 La Rochelle
52%
63642 Quimper
52%
67380 Calais
51%
129760 Limoges
51%
147478 Aix-en-Provence
50%
30909 Baie-Mahault
50%
25764 Biarritz
50%
47323 Saint-Malo
49%
106341 Mulhouse
48%
41525 Bourg-en-Bresse
47%
57846 Lorient
47%
90240 Poitiers
47%
90330 Avignon
46%
52749 Bayonne
46%
64483 Valence
46%
54420 Vannes
46%
67730 Colmar
45%
77808 Cherbourg-en-Cotentin
44%
32618 Lens
44%
119198 Besançon
43%
156928 Villeurbanne
43%
46218 Carcassonne
42%
98892 Roubaix
42%
62782 Troyes
42%
34778 Auxerre
40%
119808 Boulogne-Billancourt
40%
97351 Nanterre
40%
80341 Béziers
39%
40910 Boulogne-sur-Mer
39%
59856 Chambéry
38%
49657 Laval
38%
33336 Le Port
38%
56395 Narbonne
38%
11243 Saint-Jean
38%
21700 Saint-Jean-de-Braye
38%
72057 Saint-Nazaire
38%
63468 Cayenne
37%
66177 Évry-Courcouronnes
37%
44224 Saint-Brieuc
37%
45155 Belfort
36%
38447 Chartres
36%
92989 Créteil
36%
74921 Fort-de-France
36%
59309 Niort
36%
19373 Saint-Lô
36%
99011 Tourcoing
36%
42600 Arras
35%
63702 Bourges
35%
45031 Chalon-sur-Saône
35%
84077 Saint-Pierre
35%
49714 Albi
34%
41086 Angoulême
34%
56677 Beauvais
34%
31874 Aix-les-Bains
33%
46813 Blois
33%
42968 Châteauroux
33%
47289 Évreux
33%
40500 Gap
33%
30412 Menton
33%
61919 Montauban
33%
42991 Valenciennes
33%
50415 Arles
32%
46398 Charleville-Mézières
32%
111455 Montreuil
32%
21415 Neuilly-Plaisance
32%
37531 Neuilly-sur-Marne
32%
59267 Neuilly-sur-Seine
32%
105240 Saint-Paul
32%
43955 Tarbes
32%
42367 Melun
31%
32830 Nevers
31%
32485 Agen
30%
11259 Arcachon
30%
68348 Cergy
30%
21347 Dax
30%
28949 Orange
30%
44712 Sète
30%
75130 Antibes
29%
90071 Aubervilliers
29%
46599 Brive-la-Gaillarde
29%
57082 Fréjus
29%
71437 Mamoudzou
29%
29516 Périgueux
29%
24207 Rodez
29%
52958 Saint-Quentin
29%
25789 Vichy
29%
107221 Argenteuil
28%
32285 Épinal
28%
34448 Mâcon
28%
30674 Mont-de-Marsan
28%
25555 Alençon
27%
25815 Aurillac
27%
55056 Bobigny
27%
55103 Hyères
27%
68580 Issy-les-Moulineaux
27%
55616 Meaux
27%
40399 Montélimar
27%
37027 Thonon-les-Bains
27%
13992 Tulle
27%
14668 Bar-le-Duc
26%
22891 Fontaine
26%
48402 Les Sables-d'Olonne
26%
24482 Orly
26%
48798 Vincennes
26%
23041 Auch
25%
42672 Castres
25%
64849 Clichy
25%
29735 Clichy-sous-Bois
25%
28358 Dieppe
25%
68009 Levallois-Perret
25%
75729 Mérignac
25%
14601 Saint-Jean-de-Luz
25%
62067 Villeneuve-d'Ascq
25%
11454 Vitry-le-François
25%
96205 Vitry-sur-Seine
25%
43892 Alès
24%
20141 Cahors
24%
53936 Cholet
24%
24021 Laon
24%
11263 La Roche-sur-Foron
24%
18629 Le Puy-en-Velay
24%
11229 Porto-Vecchio
24%
25518 Saintes
24%
63232 Antony
23%
20810 Bourg-la-Reine
23%
43877 Châlons-en-Champagne
23%
14675 Dinan
23%
64001 Ivry-sur-Seine
23%
12316 Mende
23%
19343 Moulins
23%
44380 Saint-Germain-en-Laye
23%
11305 Saint-Germain-lès-Arpajon
23%
25023 Saint-Ouen-l'Aumône
23%
53207 Saint-Ouen-sur-Seine
23%
35950 Saint-Raphaël
23%
16689 Verdun
23%
31051 Vienne
23%
35492 Villeneuve-Saint-Georges
23%
88870 Colombes
22%
40394 Compiègne
22%
39648 Douai
22%
44539 Mantes-la-Jolie
22%
21376 Mantes-la-Ville
22%
50962 Massy
22%
25573 Montbéliard
22%
66760 Pessac
22%
31327 Pontoise
22%
50250 Saint-Laurent-du-Maroni
22%
30941 Saint-Laurent-du-Var
22%
16608 Sedan
22%
37918 Annemasse
21%
17192 Digne-les-Bains
21%
30879 Dreux
21%
15945 Fontainebleau
21%
48323 Grasse
21%
12840 Guéret
21%
13509 Lourdes
21%
34762 Roanne
21%
23061 Roissy-en-Brie
21%
58424 Sarcelles
21%
15130 Vesoul
21%
57753 Villejuif
21%
47342 Aubagne
20%
86135 Aulnay-sous-Bois
20%
26323 Bergerac
20%
26466 Blagnac
20%
20607 Concarneau
20%
20653 Fougères
20%
44577 Istres
20%
24612 Kourou
20%
13915 Lons
20%
17043 Lons-le-Saunier
20%
33342 Montluçon
20%
47657 Montrouge
20%
46094 Noisy-le-Sec
20%
23092 Rochefort
20%
19029 Royan
20%
42163 Thionville
20%
66363 Vénissieux
20%
35913 Villefranche-sur-Saône
20%
29103 Agde
19%
12775 Bayeux
19%
20032 Beaune
19%
10561 Briançon
19%
21699 Chaumont
19%
10219 Dinard
19%
10007 Le Beausset
19%
48568 Martigues
19%
21712 Millau
19%
14903 Morlaix
19%
60800 Pantin
19%
14486 Pointe-à-Pitre
19%
14650 | 34344 Sainte-Marie
19%
22698 | 53935 Saint-Louis
19%
38454 Saint-Martin-d'Hères
19%
75441 Saint-Maur-des-Fossés
19%
27034 Sens
19%
21629 Villeneuve-sur-Lot
19%
19812 Albertville
18%
52905 Bondy
18%
81516 Courbevoie
18%
36106 Creil
18%
39745 Draguignan
18%
71363 Drancy
18%
24772 Fontenay-aux-Roses
18%
11223 La Hague
18%
20344 Lannion
18%
81943 Le Tampon
18%
33472 Nogent-sur-Marne
18%
21382 Nogent-sur-Oise
18%
78186 Rueil-Malmaison
18%
25348 Vierzon
18%
22595 Abbeville
17%
41153 Anglet
17%
54491 Clamart
17%
23775 Dole
17%
62763 La Seyne-sur-Mer
17%
34893 Palaiseau
17%
40016 Poissy
17%
43672 Puteaux
17%
26215 Saumur
17%
51845 Sevran
17%
25371 Villeneuve-la-Garenne
17%
89662 Asnières-sur-Seine
16%
10240 Avranches
16%
31425 Cambrai
16%
77724 Champigny-sur-Marne
16%
18448 Cognac
16%
52683 Corbeil-Essonnes
16%
17796 Hendaye
16%
47160 La Courneuve
16%
24557 Libourne
16%
15061 Montargis
16%
26816 Rambouillet
16%
23068 Saint-Dizier
16%
16594 Saint-Jean-de-la-Ruelle
16%
12570 Saint-Jean-de-Védas
16%
28705 Soissons
16%
16779 Villeneuve-Loubet
16%
43049 Bron
15%
26571 Bussy-Saint-Georges
15%
30769 Carpentras
15%
49410 Gennevilliers
15%
16468 La Baule-Escoublac
15%
36987 La Ciotat
15%
19807 Lisieux
15%
12900 Mayenne
15%
22277 Oyonnax
15%
29727 Saint-Cloud
15%
20971 Saint-Cyr-l'École
15%
17004 Saint-Cyr-sur-Loire
15%
12103 Saint-Cyr-sur-Mer
15%
14317 Saint-Paul-lès-Dax
15%
11680 Saint-Pierre-du-Perray
15%
21129 Villeneuve-le-Roi
15%
12617 Villeneuve-lès-Avignon
15%
39366 Bagnolet
14%
24992 Béthune
14%
52580 Cagnes-sur-Mer
14%
10652 Chantilly
14%
36849 Échirolles
14%
22001 Épernay
14%
26529 Étampes
14%
35715 Haguenau
14%
58257 Le Blanc-Mesnil
14%
41597 Le Cannet
14%
25975 Le Grand-Quevilly
14%
52118 Les Abymes
14%
30292 Malakoff
14%
33003 Marignane
14%
29066 Maubeuge
14%
46342 Meudon
14%
17849 Pontarlier
14%
14774 Pontivy
14%
12313 Quimperlé
14%
57150 Saint-André
14%
19319 Saint-Dié-des-Vosges
14%
49537 Saint-Herblain
14%
10073 Saint-Max
14%
44731 Salon-de-Provence
14%
33717 Trappes
14%
28014 Vanves
14%
11720 Villefranche-de-Rouergue
14%
10405 Villeneuve-lès-Maguelone
14%
10369 Villeneuve-Tolosane
14%
45046 Alfortville
13%
43699 Bagneux
13%
30813 Bègles
13%
31284 Châtellerault
13%
46129 Choisy-le-Roi
13%
12581 Granville
13%
17544 Lattes
13%
58068 Maisons-Alfort
13%
23080 Maisons-Laffitte
13%
17910 Pornic
13%
42998 Rezé
13%
21437 Saint-Michel-sur-Orge
13%
48822 Saint-Priest
13%
20624 Sarreguemines
13%
19300 Sélestat
13%
45225 Talence
13%
13298 Berck
12%
29765 Bois-Colombes
12%
29577 Bourgoin-Jallieu
12%
24888 Castelnau-le-Lez
12%
36777 Châtillon
12%
21130 Forbach
12%
27257 Grigny
12%
38183 Joué-lès-Tours
12%
24380 Le Kremlin-Bicêtre
12%
23469 Les Lilas
12%
31392 L'Haÿ-les-Roses
12%
31777 Montigny-le-Bretonneux
12%
22603 Montigny-lès-Cormeilles
12%
21854 Montigny-lès-Metz
12%
70374 Noisy-le-Grand
12%
11958 Provins
12%
18736 Riom
12%
32911 Romans-sur-Isère
12%
45655 Rosny-sous-Bois
12%
37023 Saint-Benoît
12%
15840 Saint-Julien-en-Genevois
12%
14661 Saint-Omer
12%
51220 Sartrouville
12%
49104 Suresnes
12%
22444 Torcy
12%
52139 Vaulx-en-Velin
12%
18998 Vitré
12%
30592 Cachan
11%
43572 Caluire-et-Cuire
11%
29445 Charenton-le-Pont
11%
15204 Château-Thierry
11%
54309 Chelles
11%
40159 Colomiers
11%
11869 Épinay-sous-Sénart
11%
10760 Épinay-sur-Orge
11%
53489 Épinay-sur-Seine
11%
18016 Fécamp
11%
21438 Fleury-les-Aubrais
11%
15014 Issoire
11%
14937 La Flèche
11%
20731 Le Creusot
11%
21782 Le Petit-Quevilly
11%
17755 Lunéville
11%
25060 Muret
11%
24281 Sainte-Anne
11%
13656 Saint-Jacques-de-la-Lande
11%
21195 Saint-Mandé
11%
15255 Senlis
11%
22618 Sèvres
11%
17135 Vire Normandie
11%
35532 Vitrolles
11%
21557 Arcueil
10%
12360 Aubenas
10%
14551 Biscarrosse
10%
20510 Carquefou
10%
25923 Cavaillon
10%
11140 Cesson
10%
17716 Cesson-Sévigné
10%
13471 Fontenay-le-Comte
10%
51812 Fontenay-sous-Bois
10%
42841 Garges-lès-Gonesse
10%
13078 Gex
10%
20413 Joinville-le-Pont
10%
16206 Landerneau
10%
14832 Le Bourget
10%
39356 Marcq-en-Barœul
10%
17239 Marmande
10%
16394 Pamiers
10%
14264 Saint-Gilles
10%
28283 Saint-Sébastien-sur-Loire
10%
12359 Sarrebourg
10%
34129 Schiltigheim
10%
11633 Thiers
10%
15747 Vendôme
10%
28836 Villiers-le-Bel
10%
30669 Villiers-sur-Marne
10%
10536 Apt
9%
14222 Auray
9%
13145 Autun
9%
22494 Challans
9%
12189 Châteaubriant
9%
12909 Châteaudun
9%
29649 Chatou
9%
14163 Douarnenez
9%
19048 Gentilly
9%
16151 Guérande
9%
26035 Hénin-Beaumont
9%
33449 Houilles
9%
18424 Juvisy-sur-Orge
9%
20331 La Chapelle-sur-Erdre
9%
29932 La Garenne-Colombes
9%
26556 La Teste-de-Buch
9%
29228 Le Plessis-Robinson
9%
20218 Le Plessis-Trévise
9%
16453 Les Herbiers
9%
26185 Lunel
9%
22926 Manosque
9%
10616 Oloron-Sainte-Marie
9%
11068 Passy
9%
31375 Plaisir
9%
33266 Romainville
9%
12096 Sablé-sur-Sarthe
9%
35068 Saint-Chamond
9%
14433 Sainte-Maxime
9%
10010 Saint-Laurent-de-la-Salanque
9%
13729 Saint-Martin-de-Crau
9%
30510 Savigny-le-Temple
9%
37371 Savigny-sur-Orge
9%
20488 Sceaux
9%
37271 Tremblay-en-France
9%
22713 Vélizy-Villacoublay
9%
24543 Vernon
9%
38725 Villepinte
9%
12938 Amboise
8%
16873 Annonay
8%
10792 Argelès-sur-Mer
8%
13291 Argentan
8%
25581 Armentières
8%
19906 Bressuire
8%
27106 Brétigny-sur-Orge
8%
19213 Brie-Comte-Robert
8%
12448 Castelnaudary
8%
15250 Coulommiers
8%
20778 Croix
8%
29731 Décines-Charpieu
8%
13455 Fontenay-le-Fleury
8%
28780 Fresnes
8%
23808 Frontignan
8%
20654 Givors
8%
25963 Gonesse
8%
27118 Illkirch-Graffenstaden
8%
10992 Issoudun
8%
11053 Le Luc
8%
16865 Le Pré-Saint-Gervais
8%
14877 Le Raincy
8%
33977 Les Mureaux
8%
19965 L'Isle-sur-la-Sorgue
8%
12024 Marly
8%
35882 Meyzieu
8%
21467 Mons-en-Barœul
8%
16064 Montbrison
8%
27872 Orvault
8%
27113 Oullins
8%
10058 Parthenay
8%
38258 Pontault-Combault
8%
18115 Romorantin-Lanthenay
8%
13004 Saint-François
8%
11613 Saint-Gaudens
8%
34893 Saint-Leu
8%
15979 Saint-Leu-la-Forêt
8%
10999 Saint-Martin-Boulogne
8%
14603 Saint-Maurice
8%
11390 Saverne
8%
40359 Stains
8%
27622 Sucy-en-Brie
8%
29537 Vandœuvre-lès-Nancy
8%
31045 Viry-Châtillon
8%
20891 Voiron
8%
40836 Wattrelos
8%
28699 Yerres
8%
10828 Amnéville
7%
17664 Brignoles
7%
19651 Bruz
7%
12598 Canet-en-Roussillon
7%
25695 Champs-sur-Marne
7%
16710 Château-Gontier-sur-Mayenne
7%
19991 Chaville
7%
35926 Conflans-Sainte-Honorine
7%
14482 Flers
7%
15469 Fos-sur-Mer
7%
37520 Franconville
7%
40189 Gagny
7%
17898 Garches
7%
22352 Gif-sur-Yvette
7%
23026 Lanester
7%
10276 | 11747 La Trinité
7%
39641 Le Lamentin
7%
25253 Les Ulis
7%
30149 Liévin
7%
10302 Limoux
7%
46028 Livry-Gargan
7%
21561 Mandelieu-la-Napoule
7%
27980 Montfermeil
7%
16007 Orsay
7%
10684 Orthez
7%
12121 Pornichet
7%
12854 Saint-André-de-Cubzac
7%
12775 Saint-André-les-Vergers
7%
12942 Saint-André-lez-Lille
7%
10700 Saint-Claude
7%
11398 Saint-Cyprien
7%
35846 Sainte-Geneviève-des-Bois
7%
16135 | 38807 Saint-Joseph
7%
36203 Six-Fours-les-Plages
7%
22676 Tassin-la-Demi-Lune
7%
31097 Thiais
7%
29439 Tournefeuille
7%
11191 Tournon-sur-Rhône
7%
14761 Villers-lès-Nancy
7%
11099 Ancenis-Saint-Géréon
6%
36222 Athis-Mons
6%
17385 Balma
6%
10650 Beaumont
6%
17570 Boissy-Saint-Léger
6%
12895 Bonneville
6%
20215 Bruges
6%
14178 Castelsarrasin
6%
26778 Cenon
6%
34898 Châtenay-Malabry
6%
17164 Cluses
6%
18361 Écully
6%
28987 Ermont
6%
17137 Firminy
6%
13983 Fleury-Mérogis
6%
13387 Gien
6%
30693 Goussainville
6%
29406 Guyancourt
6%
21498 Hazebrouck
6%
22227 Hérouville-Saint-Clair
6%
16845 Lamballe-Armor
6%
15646 Le Vésinet
6%
15191 Longwy
6%
23013 Loos
6%
26405 Miramas
6%
16831 Montceau-les-Mines
6%
21870 Montmorency
6%
13189 Nemours
6%
22855 Olivet
6%
32379 Pierrefitte-sur-Seine
6%
13445 Plougastel-Daoulas
6%
14338 Pont-à-Mousson
6%
31247 Rillieux-la-Pape
6%
29825 Ris-Orangis
6%
15980 Saint-Amand-les-Eaux
6%
21858 Sainte-Foy-lès-Lyon
6%
32538 Saint-Médard-en-Jalles
6%
17268 Sanary-sur-Mer
6%
17699 Segré-en-Anjou Bleu
6%
28965 Sotteville-lès-Rouen
6%
26002 Vertou
6%
30332 Villemomble
6%
40500 Villenave-d'Ornon
6%
20836 Wasquehal
6%
21490 Allauch
5%
14854 Ambérieu-en-Bugey
5%
10187 Andrézieux-Bouthéon
5%
15680 Beaucaire
5%
13542 Belleville-en-Beaujolais
5%
13912 Berre-l'Étang
5%
32017 Bezons
5%
20326 Chevilly-Larue
5%
20193 Cournon-d'Auvergne
5%
11279 Dourdan
5%
17831 Dzaoudzi
5%
25373 Eaubonne
5%
26082 Élancourt
5%
15951 Elbeuf
5%
11440 Enghien-les-Bains
5%
15663 Gaillac
5%
25835 Gradignan
5%
20331 Grande-Synthe
5%
11223 Gravelines
5%
15460 Guipavas
5%
22399 Gujan-Mestras
5%
15746 Hennebont
5%
31605 Herblay-sur-Seine
5%
17175 Jouy-le-Moutier
5%
25912 La Garde
5%
22488 La Madeleine
5%
27121 Lambersart
5%
30924 Le Chesnay-Rocquencourt
5%
34213 Le Perreux-sur-Marne
5%
20620 Longjumeau
5%
23291 Lormont
5%
10064 Mazamet
5%
20627 Mitry-Mory
5%
13748 Moissac
5%
20605 Montaigu-Vendée
5%
22259 Montereau-Fault-Yonne
5%
20066 Mont-Saint-Aignan
5%
12216 Obernai
5%
19360 Saint-Fons
5%
20929 Saint-Genis-Laval
5%
14558 Saint-Genis-Pouilly
5%
12682 Saint-Hilaire-de-Riez
5%
15419 Saint-Just-Saint-Rambert
5%
15909 Saint-Pierre-des-Corps
5%
17133 Sallanches
5%
15423 Tarascon
5%
14000 Thouars
5%
11174 Vaux-le-Pénil
5%
26822 Villeparisis
5%
12663 Villetaneuse
5%
16960 Viroflay
5%
14302 Woippy
5%
11385 Yvetot
5%
21368 Achères
4%
12472 Andernos-les-Bains
4%
11281 Arpajon
4%
18248 Bagnols-sur-Cèze
4%
12695 Betton
4%
13605 Bollène
4%
18750 Bonneuil-sur-Marne
4%
20410 Bouguenais
4%
19581 Bourg-lès-Valence
4%
21827 Bruay-la-Buissière
4%
11309 Bruay-sur-l'Escaut
4%
25423 Brunoy
4%
17400 Bry-sur-Marne
4%
10220 Carentan-les-Marais
4%
18316 Carrières-sous-Poissy
4%
15038 Carrières-sur-Seine
4%
17454 Chamalières
4%
10232 Chantepie
4%
14445 Chenôve
4%
20765 Coudekerque-Branche
4%
23057 Couëron
4%
14217 Crépy-en-Valois
4%
22845 Dammarie-les-Lys
4%
20640 Denain
4%
29173 Draveil
4%
17749 Floirac
4%
10098 Fouesnant
4%
15204 Francheville
4%
10175 Gaillard
4%
21174 Gardanne
4%
11919 Gisors
4%
11981 Ifs
4%
20476 La Celle-Saint-Cloud
4%
12299 La Chapelle-Saint-Luc
4%
10218 La Chapelle-Saint-Mesmin
4%
21191 Lagny-sur-Marne
4%
12299 La Motte-Servolex
4%
35245 La Possession
4%
23955 La Valette-du-Var
4%
24339 Le Bouscat
4%
27184 Le Gosier
4%
20207 Le Mée-sur-Seine
4%
15832 Le Pecq
4%
21305 Le Robert
4%
24165 Les Pavillons-sous-Bois
4%
22161 Les Pennes-Mirabeau
4%
27999 Limeil-Brévannes
4%
18350 Louviers
4%
12358 L'Union
4%
10075 Mondeville
4%
19677 Mougins
4%
10160 Neuville-en-Ferrain
4%
15461 Noisiel
4%
12987 Noyon
4%
11918 Pacé
4%
20012 Pertuis
4%
18591 Ploemeur
4%
14949 Ramonville-Saint-Agne
4%
14766 Romilly-sur-Seine
4%
12371 Roquebrune-Cap-Martin
4%
15998 Rumilly
4%
11927 Saint-Avé
4%
14411 Saint-Brevin-les-Pins
4%
15527 Sainte-Luce-sur-Loire
4%
17630 Sainte-Rose
4%
24293 Sainte-Suzanne
4%
17631 Saint-Maximin-la-Sainte-Baume
4%
26768 Sannois
4%
16679 Saran
4%
12834 Seclin
4%
10428 Tarare
4%
27025 Taverny
4%
15358 Trélazé
4%
10543 Urrugne
4%
28025 Vallauris
4%
16295 Valserhône
4%
19415 Vence
4%
15914 Verneuil-sur-Seine
4%
10694 Ville-d'Avray
4%
10454 Villers-Cotterêts
4%
12317 Aubergenville
3%
10211 Aubière
3%
13944 Audincourt
3%
17672 Avion
3%
14938 Avrillé
3%
14869 Bailleul
3%
23639 Beaupréau-en-Mauges
3%
12674 Beausoleil
3%
11095 Biganos
3%
17939 Bischheim
3%
16004 Blanquefort
3%
14262 Bois-Guillaume
3%
12388 Brignais
3%
17852 Carvin
3%
14903 Castanet-Tolosan
3%
11745 Cernay
3%
16789 Cestas
3%
11589 Chambray-lès-Tours
3%
11092 Chassieu
3%
10518 Châteaugiron
3%
16669 Châteaurenard
3%
21386 Chemillé-en-Anjou
3%
19938 Chilly-Mazarin
3%
12282 Claye-Souilly
3%
22240 Combs-la-Ville
3%
26741 Cormeilles-en-Parisis
3%
11903 Craponne
3%
10399 Croissy-sur-Seine
3%
20341 Cugnaux
3%
22510 Deuil-la-Barre
3%
11228 Doué-en-Anjou
3%
11328 Dugny
3%
10930 Étaples
3%
24374 Eysines
3%
18110 Faches-Thumesnil
3%
10920 Ferney-Voltaire
3%
11456 Fourmies
3%
13483 Genas
3%
11137 Guebwiller
3%
11947 Guidel
3%
20829 Halluin
3%
15968 Hayange
3%
18713 Hem
3%
10478 Héricourt
3%
10213 Igny
3%
32156 Koungou
3%
18527 Lamentin
3%
10325 La Riche
3%
10830 Lavaur
3%
14671 Laxou
3%
22645 Le Moule
3%
17551 Le Pontet
3%
11791 Le Relecq-Kerhuon
3%
12725 Les Ponts-de-Cé
3%
10952 Lézignan-Corbières
3%
13808 Lieusaint
3%
20266 Lingolsheim
3%
14650 Lognes
3%
16416 Loire-Authion
3%
34810 Matoury
3%
16596 Mauguio
3%
18573 Meylan
3%
12664 Mèze
3%
10225 Miribel
3%
18248 Moissy-Cramayel
3%
14511 Montesson
3%
23800 Montgeron
3%
11048 Montlouis-sur-Loire
3%
20785 Morsang-sur-Orge
3%
11873 Onet-le-Château
3%
17277 Osny
3%
13270 Outreau
3%
20692 Ozoir-la-Ferrière
3%
13996 Persan
3%
10733 Pia
3%
13799 Pierrelatte
3%
19944 Plaisance-du-Touch
3%
14704 Plérin
3%
13473 Plouzané
3%
10600 Pont-Saint-Esprit
3%
16136 Port-de-Bouc
3%
27274 Remire-Montjoly
3%
15214 Rive-de-Gier
3%
19437 Ronchin
3%
14448 Roquebrune-sur-Argens
3%
15045 Saint-Avold
3%
20866 Saint-Gratien
3%
11387 Saint-Junien
3%
19341 Schœlcher
3%
25806 Sèvremoine
3%
18008 Soisy-sous-Montmorency
3%
19117 Sorgues
3%
12920 Tarnos
3%
12647 Val-de-Reuil
3%
14482 Valenton
3%
10025 | 12455 Vernouillet
3%
14597 Verrières-le-Buisson
3%
31050 Vigneux-sur-Seine
3%
19083 Villefontaine
3%
12598 Yzeure
3%
10146 Aizenay
2%
11013 Allonnes
2%
16798 Ambarès-et-Lagrave
2%
13267 Amilly
2%
13230 Andrésy
2%
13422 Anzin
2%
14585 Arnouville
2%
12839 Auriol
2%
10126 Auterive
2%
13660 Avon
2%
12154 Barentin
2%
11757 Baugé-en-Anjou
2%
13866 Billère
2%
12435 Bischwiller
2%
10187 Blain
2%
15435 Bois-d'Arcy
2%
11635 Bolbec
2%
10862 Bondoufle
2%
15248 Bouc-Bel-Air
2%
10697 Boulazac Isle Manoire
2%
10895 Brissac Loire Aubance
2%
10238 Brumath
2%
10105 Buxerolles
2%
13966 Canteleu
2%
13277 Carros
2%
10135 Caudebec-lès-Elbeuf
2%
14070 Caudry
2%
10735 Chanteloup-les-Vignes
2%
17909 Châteauneuf-les-Martigues
2%
11496 Chauny
2%
18367 Chennevières-sur-Marne
2%
10944 Chevigny-Saint-Sauveur
2%
11762 Cogolin
2%
12671 Comines
2%
10932 Corbas
2%
12909 Cusset
2%
11272 Dammartin-en-Goële
2%
10745 Déville-lès-Rouen
2%
10137 Divonne-les-Bains
2%
16078 Domont
2%
18468 Éragny
2%
10887 Erstein
2%
11869 Florange
2%
13027 Freyming-Merlebach
2%
10258 Gerzat
2%
10083 Gignac-la-Nerthe
2%
13166 Graulhet
2%
11203 Guilherand-Granges
2%
14757 Haubourdin
2%
11469 Hœnheim
2%
14829 Illzach
2%
12783 Juvignac
2%
13178 Kingersheim
2%
19179 La Crau
2%
11442 La Londe-les-Maures
2%
12081 La Queue-en-Brie
2%
12066 Le Chambon-Feugerolles
2%
15996 Le François
2%
11572 Le Haillan
2%
10708 Léognan
2%
10805 Le Pont-de-Claix
2%
10728 Le Pradet
2%
17237 Les Clayes-sous-Bois
2%
13836 L'Étang-Salé
2%
17626 Limay
2%
17206 L'Isle-d'Abeau
2%
12083 Louvres
2%
15602 Lucé
2%
11792 Maizières-lès-Metz
2%
10494 Marck
2%
11024 Maromme
2%
11213 Marquette-lez-Lille
2%
18331 Mauges-sur-Loire
2%
18611 Maurepas
2%
15711 Mennecy
2%
14320 Méru
2%
13707 Mions
2%
11469 Mios
2%
13701 Montataire
2%
15457 Montivilliers
2%
14775 Montmagny
2%
13211 Morangis
2%
12581 Moret-Loing-et-Orvanne
2%
10531 Mouans-Sartoux
2%
13173 Mouvaux
2%
11520 Nœux-les-Mines
2%
12367 Oissel
2%
14011 Ollioules
2%
10540 Ormesson-sur-Marne
2%
13310 Ostwald
2%
11064 Panazol
2%
24272 Petit-Bourg
2%
11396 Plan-de-Cuques
2%
11369 Ploufragan
2%
11075 Pontchâteau
2%
12459 Pont-du-Château
2%
12291 Pont-Sainte-Maxence
2%
10422 Portes-lès-Valence
2%
11045 Riorges
2%
13795 Rixheim
2%
12175 Rognac
2%
13784 Roncq
2%
15000 Saint-Avertin
2%
15209 Saint-Brice-sous-Forêt
2%
16995 Saint-Égrève
2%
11550 Saint-Estève
2%
10537 Saint-Gély-du-Fesc
2%
13766 Saint-Orens-de-Gameville
2%
11660 Sassenage
2%
11734 Septèmes-les-Vallons
2%
11753 Seyssinet-Pariset
2%
11894 Talant
2%
13431 Tergnier
2%
10783 Thouaré-sur-Loire
2%
10552 Tinqueux
2%
10230 Treillières
2%
10678 Trets
2%
13518 Vaires-sur-Marne
2%
12754 Valbonne
2%
16034 Vauréal
2%
11774 Vauvert
2%
10322 Villebon-sur-Yvette
2%
11642 Villecresnes
2%
11150 Villepreux
2%
10721 Voisins-le-Bretonneux
2%
10798 Wambrechies
2%
15531 Wattignies
2%
15262 Wittenheim
2%
17401 Yutz
2%
10780 Annœullin
1%
10062 Auchel
1%
13989 Bandraboua
1%
10282 Bandrele
1%
13344 Bras-Panon
1%
12221 Bully-les-Mines
1%
10338 Cabestany
1%
10070 Cabriès
1%
17731 Capesterre-Belle-Eau
1%
10876 Castelginest
1%
12728 Châlette-sur-Loing
1%
10280 Charvieu-Chavagneux
1%
10199 Courrières
1%
12514 Creutzwald
1%
12550 Cuers
1%
15848 Dembeni
1%
10207 Douchy-les-Mines
1%
17912 Ducos
1%
14798 Fameck
1%
10741 Fondettes
1%
12546 Fonsorbes
1%
10115 Fuveau
1%
12317 Harnes
1%
14182 Hautmont
1%
10342 Jeumont
1%
11434 Les Avirons
1%
10727 Le Taillan-Médoc
1%
11846 L'Isle-Adam
1%
10568 Longuenesse
1%
13793 Lys-lez-Lannoy
1%
18847 Macouria
1%
11057 Mainvilliers
1%
11764 Mana
1%
16531 Marly-le-Roi
1%
11431 Méricourt
1%
10046 Méry-sur-Oise
1%
13129 Monteux
1%
13934 Montévrain
1%
15755 Montrevault-sur-Èvre
1%
15898 Morne-à-l'Eau
1%
10210 Oignies
1%
16709 Orée d'Anjou
1%
10203 Ouangani
1%
11442 Pamandzi
1%
10142 Parempuyre
1%
10554 Pélissanne
1%
10636 Pernes-les-Fontaines
1%
12617 Petite-Île
1%
10237 Pfastatt
1%
10387 Port-Jérôme-sur-Seine
1%
12055 Raismes
1%
12163 Riedisheim
1%
11712 Rivière-Pilote
1%
11887 Rivière-Salée
1%
11156 Sada
1%
10515 Sainte-Savine
1%
10270 Saint-Esprit
1%
14516 Saint-Fargeau-Ponthierry
1%
10005 Saint-Loubès
1%
11117 Saint-Saulve
1%
15603 Sin-le-Noble
1%
12080 Solliès-Pont
1%
11790 Somain
1%
11067 Stiring-Wendel
1%
10405 Thorigny-sur-Marne
1%
12388 Triel-sur-Seine
1%
13934 Tsingoni
1%
10765 Valentigney
1%
11457 Vedène
1%
12573 Vidauban
1%
10446 Vieux-Condé
1%
10069 Villerupt
1%
10334 Wittelsheim
1%
Aucun quiz correspondant
Distribution des résultats
% des personnes avec chaque résultat
Percentile par nombre de réponses
Votre historique - résultats
Vous n’avez pas pris ce quiz